00935cam a22002651 4500001001300000003000400013005001700017008004100034010001700075035002000092040005000112042001200162050002100174100003500195245004600230250008000276260004500356300007400401500002000475500003800495500007300533650001300606700003300619999001700652gs 05001018 DLC20260227111302.0880326t18441842nyuaf 001 0 eng c ags 05001018  a(OCoLC)17684582 aU.S. Geol. survey. LibrarycTdTdOCoLCdDLC apremarc00aQE28b.H665 18451 aHitchcock, Edward,d1793-1864.00aElementary geology.cBy Edward Hitchcock. a3d ed.,brev. and improved. With an introductory notice by John Pye Smith. aNew York,bMark H. Newman,c1844 [c1842] axii, [13]-352 p.billus., fold. col. pl., fold. tab., diagrs.c20 cm. aIncludes index. aIncludes bibliographic citations. aNotes in "Addenda" (p. [349]-352) contain citations dated 1840-1843. 0aGeology.1 aSmith, John Pye,d1774-1851. c24333d24333